|
|
|
|
| LEADER |
00000cam a2200000 a 4500 |
| 001 |
11714 |
| 003 |
CZ-ZlUTB |
| 005 |
20190825232803.0 |
| 008 |
990810s1997 xxkad fr 001 0 eng d |
| 020 |
|
|
|a 0412624605
|q (váz.)
|
| 040 |
|
|
|a ZLD002
|b cze
|c ZLD002
|d ZLD002
|
| 072 |
|
7 |
|a 539
|x Fyzikální stavba hmoty. Jaderná fyzika. Molekulární fyzika
|2 Konspekt
|9 6
|
| 080 |
|
|
|a 678.7/.8
|2 MRF
|
| 080 |
|
|
|a 54-126
|2 MRF
|
| 080 |
|
|
|a 620.2-039:54-126
|2 MRF
|
| 080 |
|
|
|a 620.2-039:678.7
|2 MRF
|
| 080 |
|
|
|a 539.199
|2 MRF
|
| 080 |
|
|
|a 666.1/.2
|2 MRF
|
| 080 |
|
|
|a 666.189.21
|2 MRF
|
| 080 |
|
|
|a (048.8:082)
|2 MRF
|
| 245 |
0 |
4 |
|a The physics of glassy polymers /
|c edited by R.N. Haward
|
| 250 |
|
|
|a 2nd ed.
|
| 260 |
|
|
|a London :
|b Chapman & Hall,
|c 1997
|
| 300 |
|
|
|a x, 508 s. :
|b il. ;
|c 26 cm
|
| 504 |
|
|
|a Obsahuje bibliografické odkazy a rejstřík
|
| 650 |
0 |
7 |
|a polymery
|7 ph124310
|2 czenas
|
| 650 |
0 |
7 |
|a polymerní kompozitní materiály
|7 ph210239
|2 czenas
|
| 650 |
0 |
7 |
|a fyzika polymerů
|7 ph220675
|2 czenas
|
| 650 |
0 |
7 |
|a sklo
|7 ph125588
|2 czenas
|
| 650 |
0 |
7 |
|a skleněná vlákna
|7 ph172850
|2 czenas
|
| 650 |
0 |
9 |
|a polymers
|2 eczenas
|
| 650 |
0 |
9 |
|a polymer composite materials
|2 eczenas
|
| 650 |
0 |
9 |
|a physics of polymers
|2 eczenas
|
| 650 |
0 |
9 |
|a glass
|2 eczenas
|
| 650 |
0 |
9 |
|a glass fibres
|2 eczenas
|
| 655 |
|
7 |
|a kolektivní monografie
|7 fd501537
|2 czenas
|
| 655 |
|
9 |
|a collective monographs
|2 eczenas
|
| 700 |
1 |
|
|a Haward, Robert Nobbs,
|d 1914-
|7 utb2009546562
|4 edt
|
| 700 |
1 |
|
|a Young, Robert J.
|q (Robert Joseph),
|d 1948-
|7 utb2009546563
|4 edt
|
| 910 |
|
|
|a ZLD002
|
| 952 |
|
|
|0 0
|1 0
|4 0
|6 678PHYSICS
|7 0
|8 BOOK
|9 20352
|a UTBZL
|b UTBZL
|c 005
|d 2009-11-10
|l 0
|o 678/PHYSICS
|p 420010127049
|r 2019-08-25 00:00:00
|v 5415.00
|w 2019-08-25
|x N:nákup; | 20100831
|y 01
|
| 952 |
|
|
|0 0
|1 0
|4 0
|6 6785PHYSICS
|7 0
|8 BOOK
|9 20353
|a UTBZL
|b UTBZL
|c 015
|d 2006-07-29
|i 69039
|l 1
|m 1
|o 678.5/PHYSICS
|p 420010069039
|q 2027-12-22
|r 2019-08-25 00:00:00
|v 4590.00
|w 2019-08-25
|x opravit signaturu | 20100930
|y 08
|
| 992 |
|
|
|a BK
|b SK
|d 1
|
| 999 |
|
|
|c 11714
|d 11714
|